Piłkarz do kraju #8 - Statystyki

Ogólne statystyki
  • Ten quiz został rozwiązany 826 razy
  • Średni wynik to 13 z 18
Statystyki odpowiedzi
Piłkarz Kraj % Poprawnych
Luka Modrić Chorwacja
99%
Mesut Özil Niemcy
93%
Adam Dźwigała Polska
93%
Xavi Hiszpania
89%
Luis Suarez Urugwaj
89%
Thibaut Courtois Belgia
87%
Park Ji-sung Korea Poludniowa
84%
Riyad Mahrez Algieria
83%
Johan Cruyff Holandia
81%
Robert Gumny Polska
81%
Gylfi Sigurdsson Islandia
80%
Nemanja Matić Serbia
79%
Roman Pawluczenko Rosja
74%
Medhi Benatia Maroko
63%
Gabriel Batistuta Argentyna
38%
Diego Reyes Meksyk
35%
Harry Kewell Australia
34%
Enzo Francescoli Urugwaj
14%
Nie znaleziono quizów pasujących do podanych kryteriów
Rozkład punktacji
Procent ludzi z każdym wynikiem
Percentyl według liczby udzielonych odpowiedzi
Twoja historia wyników
Nie rozwiązałeś tego quizu